[Event "Sterling Cherry Blossom op 12th"]
[Site "Sterling"]
[Date "2025.05.22"]
[Round "1"]
[White "Ansh, M Shah"]
[Black "Clancy, Daniel J"]
[Result "1-0"]
[WhiteElo "2228"]
[BlackElo "2004"]
[PlyCount "107"]
[EventDate "2025.05.22"]
[EventType "swiss"]
[EventRounds "9"]
[EventCountry "USA"]
[SourceTitle "CB22_2025"]
[SourceDate "2025.05.28"]
[SourceVersion "1"]
[SourceVersionDate "2025.05.28"]
[SourceQuality "1"]

1. d4 d5 2. c4 e6 3. Nf3 Nf6 4. g3 dxc4 5. Bg2 Bb4+ 6. Bd2 c5 7. 0-0 0-0 8. dxc5 Bxc5 9. Qc2 Nbd7 10. Qxc4 b5 11. Qd3 a5 12. Ng5 Rb8 13. Nc3 b4 14. Nce4 Be7 15. Rfd1 h6 16. Nxf6+ Nxf6 17. Qxd8 Rxd8 18. Bf4 Rxd1+ 19. Rxd1 Rb5 20. Ne4 Nxe4 21. Bxe4 Rc5 22. Be3 Rc4 23. Bd3 Rc6 24. Be4 Rc4 25. f3 Kf8 26. Kf2 Bc5 27. Bd3 Bxe3+ 28. Kxe3 Rc7 29. h4 Ke7 30. f4 Bb7 31. Ra1 Kd6 32. a3 bxa3 33. Rxa3 Rc5 34. Rb3 Kc7 35. Kd4 Rd5+ 36. Kc3 Rc5+ 37. Kd2 e5 38. e3 exf4 39. exf4 Bd5 40. Ra3 Be6 41. Ke3 Kd6 42. Kd4 Rd5+ 43. Ke3 Rc5 44. Ra4 Bf5 45. Rd4+ Ke7 46. Bc4 Rc6 47. b3 Be6 48. Kd3 Rd6 49. Rxd6 Kxd6 50. Bxe6 fxe6 51. Kd4 g6 52. g4 h5 53. g5 Kc6 54. Ke5 1-0

[Event "Arlington DC op 2nd"]
[Site "Arlington"]
[Date "2014.06.28"]
[Round "5"]
[White "Clancy, Daniel J"]
[Black "Li, Ruifeng"]
[Result "0-1"]
[WhiteElo "2083"]
[BlackElo "2305"]
[PlyCount "87"]
[EventDate "2014.06.26"]
[EventType "swiss"]
[EventRounds "9"]
[EventCountry "USA"]
[SourceTitle "CBM 161 Extra"]
[Source "ChessBase"]
[SourceDate "2014.08.29"]
[SourceVersion "1"]
[SourceVersionDate "2014.08.29"]
[SourceQuality "1"]

1. d4 Nf6 2. c4 e6 3. Nf3 b6 4. a3 Bb7 5. Nc3 d5 6. cxd5 Nxd5 7. Qc2 Nd7 8. e4 Nxc3 9. bxc3 Be7 10. Bd3 c5 11. Bf4 0-0 12. 0-0 Rc8 13. Qe2 cxd4 14. cxd4 Nf6 15. Bd2 Rc7 16. a4 Rd7 17. Bf4 Qa8 18. d5 exd5 19. e5 Ne4 20. Nd4 g6 21. Bh6 Rc8 22. Qg4 Rdd8 23. f3 Nc5 24. Bf5 Rc7 25. a5 bxa5 26. Rxa5 Bc8 27. e6 Bd6 28. Nb5 Nxe6 29. Nxc7 Bxc7 30. Raa1 Ng7 31. Bxc8 Qxc8 32. Qa4 Bb6+ 33. Kh1 Qd7 34. Qc2 Qf5 35. Qd2 Ne6 36. Rfe1 Qh5 37. Bf4 Qh4 38. Rxe6 fxe6 39. Bg5 Qd4 40. Qxd4 Bxd4 41. Rxa7 Rb8 42. Rc7 Bf6 43. Be3 d4 44. Bf4 0-1

[Event "Continental Class-ch"]
[Site "Arlington"]
[Date "2010.10.10"]
[Round "6"]
[White "Clancy, Daniel J"]
[Black "Bodek, Michael H"]
[Result "1/2-1/2"]
[WhiteElo "2133"]
[BlackElo "2207"]
[PlyCount "60"]
[EventDate "2010.10.07"]
[EventType "swiss"]
[EventRounds "9"]
[EventCountry "USA"]
[SourceTitle "CBM 138 Extra"]
[Source "ChessBase"]
[SourceDate "2010.10.29"]
[SourceVersion "1"]
[SourceVersionDate "2010.10.29"]
[SourceQuality "1"]

1. d4 Nf6 2. c4 e6 3. Nf3 Bb4+ 4. Bd2 Bxd2+ 5. Qxd2 0-0 6. Nc3 d6 7. g3 Nc6 8. Bg2 e5 9. 0-0 Bg4 10. d5 Ne7 11. e4 Bxf3 12. Bxf3 c6 13. Kg2 Rc8 14. Rab1 b5 15. b3 bxc4 16. bxc4 cxd5 17. cxd5 Qa5 18. Rfc1 Rc5 19. Qb2 Rfc8 20. Ne2 g5 21. Rxc5 Rxc5 22. Qb8+ Nc8 23. g4 h5 24. Ng3 hxg4 25. Be2 Qd2 26. Ba6 Qc2 27. Rb2 Qd1 28. Bxc8 Qf3+ 29. Kg1 Rc1+ 30. Nf1 Rxf1+ 1/2-1/2

[Event "Dos Hermanas Internet qual-B 10th"]
[Site "ICC INT"]
[Date "2009.03.13"]
[Round "4"]
[White "Aung, Thant Zin"]
[Black "Clancy, Daniel J"]
[Result "1-0"]
[WhiteElo "2518"]
[BlackElo "2098"]
[PlyCount "65"]
[EventDate "2009.03.13"]
[EventType "swiss (blitz)"]
[EventRounds "12"]
[EventCountry "ESP"]
[SourceTitle "CBM 129 Extra"]
[Source "ChessBase"]
[SourceDate "2009.05.05"]
[SourceVersion "2"]
[SourceVersionDate "2009.05.20"]
[SourceQuality "1"]

1. e4 c5 2. Nf3 Nc6 3. Bb5 Nf6 4. e5 Nd5 5. Nc3 Nc7 6. Bxc6 dxc6 7. h3 Bf5 8. 0-0 e6 9. b3 Nb5 10. Bb2 Nd4 11. d3 Be7 12. Re1 0-0 13. Ne4 Qd7 14. a4 a5 15. c3 Nxf3+ 16. Qxf3 Rfd8 17. Rad1 b5 18. Ba3 Bxe4 19. Rxe4 c4 20. Bxe7 Qxe7 21. dxc4 bxa4 22. bxa4 Qa3 23. Red4 Rxd4 24. Rxd4 Qxa4 25. Qd3 h6 26. Rd7 Qa1+ 27. Kh2 Qe1 28. Qf3 Qxe5+ 29. g3 Qf6 30. Qg2 a4 31. Rd2 a3 32. Ra2 Qxc3 33. Qe4 1-0

[Event "Washington Eastern op 33rd"]
[Site "Washington DC"]
[Date "2006.12.27"]
[Round "1"]
[White "Clancy, Daniel J"]
[Black "Miller, Daniel I"]
[Result "1/2-1/2"]
[WhiteElo "2121"]
[BlackElo "2281"]
[PlyCount "55"]
[EventDate "2006.12.27"]
[EventType "swiss"]
[EventRounds "8"]
[EventCountry "USA"]
[SourceTitle "CBM 115 Extra"]
[Source "ChessBase"]
[SourceDate "2007.01.10"]
[SourceVersion "1"]
[SourceVersionDate "2007.01.10"]
[SourceQuality "1"]

1. d4 d5 2. Nf3 Nf6 3. c4 c6 4. Nc3 e6 5. Bg5 dxc4 6. e4 b5 7. e5 h6 8. Bh4 g5 9. Nxg5 hxg5 10. Bxg5 Nbd7 11. g3 Bb7 12. Bg2 Qb6 13. exf6 c5 14. d5 0-0-0 15. 0-0 b4 16. Rb1 Qa6 17. dxe6 Bxg2 18. e7 Bxf1 19. Qd5 Bxe7 20. fxe7 Bd3 21. Ne4 Bxb1 22. Nd6+ Kc7 23. Bf4 Kb6 24. Nxc4+ Kb5 25. Nd6+ Kb6 26. Nc4+ Kb5 27. Nd6+ Kb6 28. Nc4+ 1/2-1/2